000 02224cam a2200433 i 4500
999 _c8738
_d8738
001 20236102
003 GZU
005 20210524143646.0
008 180103t20142014sa b 001 0 eng c
010 _a 2017493020
020 _a9781485106401
_q(pbk.)
020 _a1485106400
_q(pbk.)
035 _a(OCoLC)ocn904247270
040 _aY$R
_beng
_cY$R
_erda
_dY$R
_dOCLCO
_dOD$
_dOCLCF
_dOCLCQ
_dNDL
_dOCLCA
_dDLC
042 _apcc
043 _af-sa---
050 0 0 _aKTL1045
_b.H463 2014
100 1 _aHenning, J. J.,
_eauthor.
245 1 0 _aPerspectives on the law of partnership in South Africa /
_cJ.J. Henning.
264 1 _aClaremont [South Africa] :
_bJuta,
_c[2014]
264 4 _c©2014
300 _axli, 294 pages ;
_c24 cm
336 _atext
_btxt
_2rdacontent
337 _aunmediated
_bn
_2rdamedia
338 _avolume
_bnc
_2rdacarrier
504 _aIncludes bibliographical references (pages 251-276 and index).
505 0 _aHistory and sources --Leonine partnership -- Triple contract -- Repeal of twenty-partner limit -- Universal and general partnerships -- Limiting liability -- Legal status -- Mutual mandate and agency -- A partnership of juristic person in insolvency -- Dual priorities in insolvency.
520 _aPerspectives on the Law of Partnership in South Africa examines the most problematic issues in the law of partnership. It investigates specific issues in the area of partnership law, painting a broader picture of all the other relevant areas involved. In following a 'perspectives' approach-presenting a historical and a comparative perspective-the book offers a detailed consideration of complex areas of partnership law while at the same time exploring the law in general.
650 0 _aPartnership
_zSouth Africa.
650 0 _aBankruptcy
_zSouth Africa.
650 0 _aLimited liability
_zSouth Africa.
650 7 _aBankruptcy.
_2fast
_0(OCoLC)fst00826826
650 7 _aLimited liability.
_2fast
_0(OCoLC)fst00998900
650 7 _aPartnership.
_2fast
_0(OCoLC)fst01054190
651 7 _aSouth Africa.
_2fast
_0(OCoLC)fst01204616
906 _a7
_bcbc
_cpccadap
_d2
_encip
_f20
_gy-gencatlg
942 _2lcc
_cBK
_h1045
_iHEN
_kKTL
_m2014